Combinatorial optimization : (Record no. 29890)

000 -LEADER
fixed length control field 00712 a2200193 4500
020 ## - INTERNATIONAL STANDARD BOOK NUMBER
International Standard Book Number 0486402584
020 ## - INTERNATIONAL STANDARD BOOK NUMBER
International Standard Book Number 9780486402581
082 ## - DEWEY DECIMAL CLASSIFICATION NUMBER
Classification number 519.3
090 ## - LOCALLY ASSIGNED LC-TYPE CALL NUMBER (OCLC); LOCAL CALL NUMBER (RLIN)
-- 1277
-- 1277
100 1# - MAIN ENTRY--PERSONAL NAME
Personal name Papadimitriou, Christos H.
245 10 - TITLE STATEMENT
Title Combinatorial optimization :
Remainder of title algorithms and complexity /
Statement of responsibility, etc. Christos H. Papadimitriou, Kenneth Steiglitz.
260 ## - PUBLICATION, DISTRIBUTION, ETC.
Place of publication, distribution, etc. [S.l.] :
Name of publisher, distributor, etc. Dover Publications,
Date of publication, distribution, etc. 1998.
300 ## - PHYSICAL DESCRIPTION
Extent 528 p. ;
Dimensions 22 cm.
490 1# - SERIES STATEMENT
Series statement Dover books on computer science.
700 ## - ADDED ENTRY--PERSONAL NAME
Personal name Steiglitz, Kenneth
830 ## - SERIES ADDED ENTRY--UNIFORM TITLE
Uniform title Dover books on computer science
942 ## - ADDED ENTRY ELEMENTS (KOHA)
Institution code [OBSOLETE] SNS
Koha item type Book
Call number prefix 519.3 PAP
Holdings
Withdrawn status Lost status Damaged status Not for loan Permanent Location Current Location Date acquired Total Checkouts Full call number Barcode Date last seen Price effective from Koha item type
        School of Natural Sciences (SNS) School of Natural Sciences (SNS) 05/26/2016   519.3 PAP SNS0001310 05/26/2016 05/26/2016 Book
© 2023 Central Library, National University of Sciences and Technology. All Rights Reserved.